Match the Building to the Disney Movie - Statistics

General Stats
  • This quiz has been taken 31 times
  • The average score is 17 of 36
Answer Stats
Picture Answer % Correct
Frozen
82%
Aladdin
77%
Tangled
77%
Encanto
73%
Mulan
73%
Dumbo
59%
Hercules
59%
Snow White and the Seven Dwarfs
59%
Tarzan
59%
The Little Mermaid
59%
Meet the Robinsons
55%
101 Dalmatians
50%
Lilo and Stitch
50%
Oliver and Company
50%
The Aristocats
50%
Winnie the Pooh
50%
Hercules
45%
Jungle Book
45%
Sleeping Beauty
45%
The Princess and the Frog
45%
Alice in Wonderland
41%
Beauty and the Beast
41%
Beauty and the Beast
41%
Peter Pan
41%
The Little Mermaid
41%
The Rescuers
41%
Lady and the Tramp
36%
Robin Hood
36%
Sleeping Beauty
36%
The Hunchback of Notre Dame
36%
Chicken Little
32%
Cinderella
32%
Emperor's New Groove
32%
The Sword in the Stone
32%
Pinocchio
27%
Treasure Planet
27%
No matching quizzes found
Score Distribution
Percent of People with Each Score
Percentile by Number Answered
Your Score History
You have not taken this quiz